00427 2200181 4500001002100000005001500021035002000036008004100056245002900097100001800126250000600144260004000150300001100190084001400201082000800215650001000223990001200233INLIS00000000000018320240711091317 a0010-0424000159240711 1 ind 1 aJemblung /cHeri Suritno aSuritno, Heri a1 aSolo :bWangsa Jatra Lestari,c2013 a60 hlm a813 HER j a813 4aFiksi a0732471